000 00564nam a2200217Ia 4500
005 20250508165027.0
008 008 250505s9999 xx 000 0 hin d
020 _a05-03-000435-1
037 _aReference
040 _aFEDL
_beng
_cFEDL
041 _ahin
_2eng
084 _a030, SHA/RR
_qFEDL
100 _aSharma Vishwamitra
_9779745
245 0 _aChitramaye gyankosh
260 _aNew Delhi, India
_bVision Books
300 _a248p.
365 _aINR
_b90
546 _aMACESE
942 _cREF
_h030, SHA/RR
999 _c1392731
_d1392731